[Event "12th Chennai Open 2020"]
[Site "Chennai"]
[Date "2020.01.21"]
[Round "6.1"]
[White "Martinez Alcantara, Jose Eduardo"]
[Black "Visakh N R"]
[Result "1/2-1/2"]
[WhiteElo "2606"]
[BlackElo "2518"]
[Annotator "TA"]
[PlyCount "114"]
[EventDate "2020.01.19"]
[EventType "swiss"]
[EventCountry "IND"]
[SourceTitle "playchess.com"]
[Source "ChessBase"]
[SourceQuality "1"]

{[%evp 23,114,22,45,0,0,0,0,0,0,0,0,16,0,0,12,0,29,28,37,39,36,40,41,32,33,31,33,31,42,30,27,22,48,24,104,94,89,91,157,175,154,27,0,0,0,0,56,52,97,93,103,99,117,115,243,6,6,6,6,6,6,6,6,9,40,50,80,80,80,80,80,43,41,41,41,41,49,49,80,80,80,80,80,80,80,22,26,26,26,0,26,26,26]} 1. Nf3 c5 2. e4 d6 3. d4 cxd4 4. Nxd4 Nf6 5. Nc3 a6 6. Be3 e5 7. Nb3 Be6 8. f3 Be7 9. Qd2 O-O 10. O-O-O Nbd7 11. g4 b5 12. g5 b4 13. gxf6 {B90: Sicilian Najdorf: Unusual White 6th moves, 6 Be3 Ng4 and 6 Be3 e5} (13. Ne2 {with more complications.} Nh5 14. Ng3 Nf4 15. h4 a5 16. Bxf4 a4 17. Nd4) (13. Ne2 Nh5 14. Ng3 Nf4 15. h4 a5 16. Kb1 a4 17. Nc1 b3 18. cxb3 axb3 19. a3 Qc7 20. Bxf4 exf4 {1-0 (49) Dominguez Perez,L (2763)-Vachier Lagrave,M (2778) Saint Louis 2019}) 13... bxc3 14. Qxc3 Nxf6 15. Na5 {The position is equal.} Rc8 16. Nc6 Qe8 17. Nxe7+ Qxe7 18. Qa5 Rc6 {[#]} 19. Rg1 $146 ({Predecessor:} 19. Kb1 Rfc8 20. Rd2 Nh5 {1-0 (58) Zugrav,W (2559)-Nataf,I (2489) ICCF email 2016}) 19... Nh5 20. Rg2 (20. Bxa6 $2 Ra8 $19) 20... Qf6 21. Rf2 h6 22. Kb1 Rfc8 23. b3 ({Avoid the trap} 23. Bxa6 $2 Ra8 $19) 23... Nf4 24. c4 ({Don't go for} 24. Bxa6 $2 Ra8 $19) 24... Kh7 25. Ka1 Ng6 26. Bd3 Nf4 27. Bc2 Kh8 28. Bb1 Ra8 (28... Nh3 $11 29. Rff1 Nf4) 29. Rfd2 $16 Ng6 30. Rxd6 Rxd6 (30... Qxf3 $142 31. Rxc6 Qxd1) 31. Rxd6 Qxf3 32. Rd8+ (32. Qd2 $16) 32... Rxd8 $11 33. Qxd8+ Kh7 34. Qd2 Nf4 (34... Bc8 $11) 35. c5 $14 g5 36. c6 h5 37. Bc2 g4 {[#]} 38. Qf2 $1 Qh3 (38... Kg6 $16 {might work better.}) 39. c7 $2 ({Only move:} 39. Kb2 $18) 39... Qg2 $1 $11 40. b4 Qxf2 41. Bxf2 {[%mdl 4096] Endgame Strongly threatening a4. KBB-KBN} Bc8 $1 42. a4 {Black must now prevent b5.} Ne6 $1 43. Bb3 {Threatening Bxe6.} Kg6 44. Bxe6 fxe6 $14 {KB-KB} 45. Kb2 Kf7 46. Bg3 Ke8 47. Bxe5 Kd7 48. Kc3 Bb7 49. Kd4 {Hoping for Kc5.} Bc6 50. a5 Kc8 51. Ke3 h4 52. Bd6 Kd7 53. Kf4 g3 {[#]} 54. h3 ({Not} 54. hxg3 $2 h3 $19) ({White should play} 54. Kf3 $1 $16) 54... g2 55. Bc5 Kxc7 56. e5 Bb5 57. Kg4 Kc6 {Accuracy: White = 57%, Black = 55%.} 1/2-1/2

[Event "12th Chennai Open 2020"]
[Site "Chennai"]
[Date "2020.01.21"]
[Round "6.2"]
[White "Yudin, Sergei"]
[Black "Harshavardhan G B"]
[Result "1-0"]
[WhiteElo "2508"]
[BlackElo "2343"]
[Annotator "TA"]
[PlyCount "106"]
[EventDate "2020.01.19"]
[EventType "swiss"]
[EventCountry "IND"]
[SourceTitle "playchess.com"]
[Source "ChessBase"]
[SourceQuality "1"]

{[%evp 13,106,39,48,40,41,43,45,47,43,47,44,34,52,29,31,20,43,18,48,35,98,38,42,25,60,59,62,61,74,66,52,62,76,65,75,76,75,75,83,72,74,67,205,206,206,206,197,189,194,181,227,239,251,150,157,91,74,102,141,118,206,208,306,312,344,344,406,403,422,419,414,422,421,309,421,422,416,415,409,408,407,415,511,508,649,618,633,411,629,626,4706,4132,2487,2462,1632]} 1. e4 e5 2. Nf3 Nc6 3. Bc4 Nf6 4. d3 Be7 5. O-O O-O 6. Re1 d6 7. a4 Kh8 8. h3 {C55: Two Knights: 4 d3, 4 d4 exd4 5 e5 and Max Lange Attack} Ng8 9. Nc3 f5 10. Nd5 {White is slightly better.} fxe4 (10... Nf6 11. Ng5 Ng8 12. Qh5 Nh6 13. c3 f4 14. Nf3 Bd7 15. Nh2 Be8 {1-0 (37) Wang,H (2756)-Moiseenko,V (2526) Moscow 2019}) 11. dxe4 Be6 12. a5 a6 13. c3 Qd7 $146 ({Predecessor:} 13... Rb8 14. b4 Bf7 15. Be3 Bh5 {½-½ (41) Admiraal,M (2447)-Pruijssers,R (2489) Vlissingen 2017}) 14. Be3 Nf6 15. Nd2 (15. Qb3 {is interesting.} Bg8 16. Nd2 Rab8 17. Qa4 Bd8 18. b4) 15... Bg8 16. b4 Nxd5 (16... Bd8 $14) 17. Bxd5 (17. exd5 $16 Na7 18. Bb3) 17... Nd8 $14 18. c4 c6 19. Bxg8 Kxg8 20. c5 Qe6 {[#]} 21. cxd6 $1 Bxd6 22. Rb1 Nf7 23. Qc2 Be7 24. Nb3 Rad8 25. Bb6 Rd7 26. Red1 Rxd1+ 27. Rxd1 Bxb4 ({Black should try} 27... Re8 $14) 28. Bc5 $18 Bxc5 29. Nxc5 Qg6 30. Qb3 (30. Nxb7 $6 Ng5 $16) 30... h5 31. Rd7 ({Resist} 31. Qxb7 $6 Ng5 $16) (31. Nxb7 $6 Kh7 $16) 31... Kh8 32. Rxb7 ({Don't play} 32. Nxb7 $6 Ng5 $16) 32... Nd6 33. Rd7 (33. Rb6 $18) 33... Nb5 $16 34. Qg3 (34. Qe6 $142 Qg5 35. Nd3 (35. Nxa6 Nd4 $17)) 34... Qxg3 35. fxg3 {[%mdl 4096] Endgame KRN-KRN} Nd4 36. Nd3 Re8 (36... Rb8 $16) 37. Ra7 $18 Rd8 (37... Rc8 $142 38. Nxe5 c5 39. Rxa6 c4) 38. Nxe5 {Black must now prevent Nf7+.} ({Less strong is} 38. Rxa6 Ne2+ 39. Kf2 Rxd3 $16) 38... Re8 39. Nf3 Nb3 40. Rxa6 c5 41. Rc6 Nxa5 42. Rxc5 {[%mdl 64] [#] Double Attack} Nb7 43. Rxh5+ Kg8 44. e5 Nc5 45. Rh4 Nd3 46. Re4 Rc8 47. Rd4 Rc1+ 48. Kh2 Nc5 49. Ng5 {[%cal Rd4d8]} Kf8 50. Rd8+ Ke7 51. Rg8 {White is clearly winning.} Ne6 52. Nxe6 Kxe6 53. Rxg7 Kxe5 {Accuracy: White = 67%, Black = 50%.} 1-0

[Event "12th Chennai Open 2020"]
[Site "Chennai"]
[Date "2020.01.21"]
[Round "6.3"]
[White "Neelotpal, Das"]
[Black "Ponkratov, Pavel"]
[Result "0-1"]
[WhiteElo "2436"]
[BlackElo "2622"]
[Annotator "TA"]
[PlyCount "100"]
[EventDate "2020.01.19"]
[EventType "swiss"]
[EventCountry "IND"]
[SourceTitle "playchess.com"]
[Source "ChessBase"]
[SourceQuality "1"]

{[%evp 9,100,0,19,15,23,-13,-14,-18,-8,-12,-6,-10,-2,-15,0,4,0,0,44,41,51,32,36,-12,-14,-65,-43,-52,-47,-56,-33,-47,-22,-31,-47,-28,-43,-43,-38,-70,-77,-123,-126,-145,0,0,0,0,-7,-17,0,0,0,0,0,0,0,0,0,0,60,47,103,85,93,97,129,145,133,0,0,0,0,0,0,-70,-66,-85,-53,-257,-252,-12840,-12839,-12841,-12841,-12842,-12842,-12843,-12843,-12842,-12843,-12843,-302]} 1. d4 Nf6 2. Nf3 c5 3. c3 e6 4. Bf4 Nc6 5. e3 Nh5 6. Bg5 {A46: 1 d4 Nf6 2 Nf3 e6: Torre, London and Colle Systems} (6. Bg3 Qb6 7. Qb3 Nxg3 8. hxg3 d5 9. Nbd2 Bd7 10. g4 g6 11. g5 Bg7 12. Qa3 Bf8 13. Qb3 {½-½ (68) Kamsky,G (2677)-Alekseenko,K (2704) Moscow 2019}) 6... Qb6 7. Qc2 h6 8. Bh4 {The position is equal.} g5 9. Bg3 Nxg3 10. hxg3 g4 11. dxc5 $146 ({Predecessor:} 11. Nfd2 d5 12. dxc5 Bxc5 13. Be2 {0-1 (38) Milosevic,M (1689)-Miladinovic,L (2110) Novi Sad 2017}) 11... Qxc5 12. Nd4 Bg7 13. Nd2 Rb8 14. O-O-O O-O 15. Be2 (15. N2b3 {looks sharper.} Qg5 16. Nxc6 bxc6 17. Qe4 d5 18. Qf4) 15... f5 16. N4b3 Qe7 $1 17. e4 ({Better is} 17. f3 $11) 17... b5 18. exf5 exf5 19. Rhe1 Qf6 20. a3 a5 21. Nf1 $1 b4 22. axb4 axb4 23. c4 $1 Ra8 24. Kb1 Ne5 $1 {Hoping for ...Bb7.} 25. c5 Bb7 $1 {[%cal Rb7e4]} 26. f3 Qf7 (26... gxf3 $17 27. Bxf3 Nxf3 28. gxf3 Bxf3) 27. Ne3 $11 gxf3 28. gxf3 Bc6 29. Rd6 Rae8 {Strongly threatening ...Ba4.} ({Of course not} 29... Bxf3 $6 30. Bxf3 Nxf3 31. Rf1 $16) 30. Rxc6 dxc6 31. f4 $1 {[%cal Rf4e5]} Qf6 {And now ...Ng4 would win.} 32. fxe5 Qxe5 33. Nc4 $36 {[%mdl 2048] White has the initiative.} Qxg3 34. Qd1 Re7 ({Black should play} 34... Qf2 $11) 35. Rg1 $14 {[%mdl 1024] White has compensation.} Qf2 (35... Qh4 $14) 36. Bf3 $16 Rfe8 {...Re1 is the strong threat.} 37. Rg2 ({But not} 37. Bxc6 $2 Re1 $19) 37... Qh4 38. Qd3 $1 ({Don't go for} 38. Bxc6 $2 Re1 $3 $19 {[%mdl 512]}) 38... Re1+ 39. Ka2 (39. Kc2 $16) 39... Rd8 $11 40. Qc2 Ra8+ 41. Nba5 Qd8 42. Bxc6 (42. Qd2 $11 Rxa5+ 43. Nxa5 Qxa5+ {[%mdl 64] Double Attack} 44. Kb3) 42... Rxa5+ $15 43. Nxa5 Qxa5+ 44. Ba4 $2 ({White has to play} 44. Kb3 $1 $15) 44... Kh8 $19 {White must now prevent ...Re3.} 45. c6 $2 {[#]} (45. Qb3 f4 46. c6) 45... b3+ $1 {[%mdl 576] Deflection. Black is clearly winning.} 46. Qxb3 {[#]} (46. Kxb3 Qd5+) 46... Re4 $1 {[%cal Re4a4]} 47. Qb8+ Kh7 48. b3 Rxa4+ 49. bxa4 Qxa4+ {[%mdl 64] Double Attack} 50. Kb1 Qd1+ {Accuracy: White = 50%, Black = 70%.} 0-1

[Event "12th Chennai Open 2020"]
[Site "Chennai"]
[Date "2020.01.21"]
[Round "6.4"]
[White "Taher, Yoseph Theolifus"]
[Black "Pranav Vijay"]
[Result "1/2-1/2"]
[WhiteElo "2462"]
[BlackElo "2265"]
[Annotator "TA"]
[PlyCount "88"]
[EventDate "2020.01.19"]
[EventType "swiss"]
[EventCountry "IND"]
[SourceTitle "playchess.com"]
[Source "ChessBase"]
[SourceQuality "1"]

{[%evp 9,88,6,3,8,14,9,21,3,5,8,6,0,0,0,0,0,0,0,0,-1,-12,-12,-2,-7,-7,-7,-6,-13,0,0,0,0,0,0,0,0,0,0,14,10,8,7,4,5,56,56,81,38,132,138,137,137,129,96,81,64,64,45,45,41,85,47,46,46,55,27,39,22,26,20,26,26,64,64,64,64,76,76,76,18,18]} 1. c4 e5 2. Nc3 Nc6 3. g3 f5 4. Bg2 Nf6 5. a3 g6 6. e3 {A25: English Opening vs King's Indian with ...Nc6 but without early d3} (6. b4 Bg7 7. d3 Ne7 8. Bb2 O-O 9. e3 c6 10. c5 d5 11. cxd6 Qxd6 12. Nf3 Kh8 13. O-O {1-0 (43) Le,Q (2714)-Yakubboev,N (2556) St Petersburg 2018}) 6... Bg7 7. Nge2 e4 8. d3 {[%cal Rd3e4]} exd3 9. Nf4 Ne5 10. b3 $146 ({Predecessor:} 10. Qb3 g5 11. Qb5 Qe7 12. Nfd5 Nxd5 13. Nxd5 {0-1 (27) Jaracz,P (2521)-Kovalev,A (2533) Glogow 2001}) 10... Ne4 11. Nxe4 fxe4 12. Bxe4 Nxc4 $1 {aiming for ...Nd6.} 13. Ra2 {[#]} d2+ $1 {[%mdl 512]} 14. Bxd2 Nxd2 15. Qxd2 ({But not} 15. Kxd2 c6 $17) 15... c6 16. O-O d5 17. Bg2 O-O 18. b4 a6 19. a4 Bf5 {[#]} 20. b5 $1 {[%mdl 512]} axb5 21. axb5 Rxa2 22. Qxa2 g5 23. Ne2 Bd3 24. bxc6 bxc6 {Black wants to play ...Bc4.} 25. Qd2 Bc4 26. Rc1 Bxe2 ({Better is} 26... Qe7 $11) 27. Qxe2 $14 d4 28. Rd1 c5 (28... Qe8 $14) 29. Qc4+ $16 Kh8 30. Qxc5 Qf6 31. Rf1 ({Of course not} 31. exd4 $6 Qxf2+ 32. Kh1 Re8 $11) 31... dxe3 32. fxe3 Qd8 33. Rxf8+ Bxf8 34. Qf5 Bg7 35. Bd5 Qf6 36. Qc8+ Bf8 37. Be4 Kg7 38. Qd7+ Be7 39. Bc2 Qe5 40. Qd3 Bc5 41. Qxh7+ Kf8 42. Kg2 Qxe3 43. Qf5+ Ke7 {[#]} 44. Kh3 ({White should try} 44. Bd3 $1 $16) 44... Qe6 {Accuracy: White = 62%, Black = 58%.} 1/2-1/2

[Event "12th Chennai Open 2020"]
[Site "Chennai"]
[Date "2020.01.21"]
[Round "6.5"]
[White "Bharath Subramaniyam H"]
[Black "Aleksandrov, Aleksej"]
[Result "0-1"]
[WhiteElo "2413"]
[BlackElo "2592"]
[Annotator "TA"]
[PlyCount "104"]
[EventDate "2020.01.19"]
[EventType "swiss"]
[EventCountry "IND"]
[SourceTitle "playchess.com"]
[Source "ChessBase"]
[SourceQuality "1"]

{[%evp 12,104,0,-16,0,-22,-23,-36,5,-25,-10,-14,0,13,14,3,16,8,25,21,22,9,28,4,15,1,0,0,7,0,0,-8,0,0,0,-69,-56,-106,-68,-117,-83,-87,-15,-20,17,-92,-90,-94,-47,-49,-28,-110,-116,-89,-51,-196,-194,-195,-192,-197,-193,-185,-172,-255,-262,-258,-250,-222,-231,-436,-438,-418,-385,-393,-401,-399,-377,-443,-432,-743,-720,-1095,-1068,-1020,-870,-6091,-6263,-6079,-5716,-2078,-4614,-29967,-29970,-12819,-5097]} 1. e4 e5 2. Nf3 Nc6 3. Bb5 a6 4. Ba4 Nf6 5. Qe2 b5 6. Bb3 Bc5 7. d3 O-O {C77: Ruy Lopez: 3...a6 4 Ba4 Nf6, unusual lines} (7... d6 8. c3 h6 9. O-O O-O 10. Be3 Bxe3 11. Qxe3 Na5 12. Bc2 c5 13. Nbd2 Nc6 14. a4 Rb8 15. axb5 axb5 16. Rfd1 Qb6 17. Nf1 d5 18. exd5 Nxd5 19. Qe4 Nf6 20. Qe2 Re8 21. Ng3 Be6 22. Re1 Bd5 23. Nd2 {½-½ (23) Tiviakov,S (2637)-Shirov,A (2749) Hoogeveen 2010}) 8. Bg5 h6 9. Bh4 Be7 {Black is slightly better.} 10. Nbd2 d6 11. c3 a5 $146 ({Predecessor:} 11... Nh5 12. g3 Nf6 13. Bxf6 Bxf6 14. Nf1 Ne7 15. Ne3 {1-0 (35) Durarbayli,V (2456)-Adhiban,B (2486) Kemer 2009}) 12. a4 {Hoping for Bxf6.} b4 13. O-O Ba6 14. Bc4 Qc8 15. d4 bxc3 16. bxc3 exd4 17. cxd4 Re8 18. Rfc1 Nb4 19. Bxa6 Rxa6 20. Ra3 Qd7 21. h3 Raa8 22. Bg3 Bf8 23. Re3 (23. Raa1 $11) 23... Qxa4 $15 24. Rxc7 Rac8 25. Rc4 Qa2 26. Kh2 Nh5 (26... d5 $17 27. Rxc8 Rxc8) 27. d5 g6 28. Nd4 (28. Qf1 $11) 28... Nxg3 $17 29. Kxg3 Bg7 {And now ...Rxc4 would win.} 30. Nc6 Nxc6 31. Rxc6 (31. dxc6 $11 {remains equal.} Qb2 32. Rb3) 31... Rxc6 32. dxc6 Qb2 33. Nb3 (33. Qd3 $15) 33... a4 $19 {Strongly threatening ...Qxe2.} 34. Qxb2 Bxb2 {[%mdl 4096] Endgame KRB-KRN} 35. Re2 a3 $1 36. Rc2 {[#]} Kf8 $1 37. Kf3 (37. Nc1 {was called for.}) 37... Ke7 38. Ke3 Ra8 39. Kd3 Kd8 40. Nc1 $2 {[#]} (40. c7+ {might work better.} Kc8 41. Nc1) 40... Bxc1 $1 41. Rxc1 {KR-KR} a2 42. Ra1 Kc7 43. Kc4 Kxc6 44. Kb4 g5 45. f3 (45. Kc3 $142 Kd7 46. e5) 45... d5 46. e5 Kd7 47. g3 Ke6 48. f4 gxf4 49. gxf4 Kf5 50. Kc5 Kxf4 (50... h5 $142 51. h4 Kxf4 52. Kxd5 Kg4) 51. Kxd5 Kg3 52. Kd6 Ra7 {Accuracy: White = 25%, Black = 69%.} (52... h5 $142 53. h4 Ra7) 0-1

[Event "12th Chennai Open 2020"]
[Site "Chennai"]
[Date "2020.01.21"]
[Round "6.6"]
[White "Ravichandran, Siddharth"]
[Black "Goganov, Aleksey"]
[Result "0-1"]
[WhiteElo "2358"]
[BlackElo "2583"]
[Annotator "TA"]
[PlyCount "50"]
[EventDate "2020.01.19"]
[EventType "swiss"]
[EventCountry "IND"]
[SourceTitle "playchess.com"]
[Source "ChessBase"]
[SourceQuality "1"]

{[%evp 9,50,0,5,-45,-14,-15,-20,-32,-21,-37,-25,-75,-59,-64,-65,-60,-67,-91,0,0,0,-4,-9,-9,-3,-29,-29,-118,-103,-291,-283,-403,-397,-390,-335,-425,-339,-1043,-1036,-1171,-1157,-1096,-1095]} 1. d4 Nf6 2. Bg5 d5 3. Bxf6 gxf6 4. c4 e5 5. Nc3 (5. e3 exd4 6. exd4 Bb4+ 7. Nc3 O-O 8. Qf3 Re8+ 9. Nge2 dxc4 10. O-O-O Kh8 11. Ng3 Bxc3 12. bxc3 {1-0 (43) Mamedyarov,S (2765)-Giri,A (2779) Paris 2019}) 5... dxc4 6. d5 {D00: 1 d4 d5: Unusual lines} b5 $146 ({Predecessor:} 6... Nd7 7. Qa4 a6 8. Qxc4 b5 9. Qh4 b4 10. Nd1 f5 11. Qxd8+ Kxd8 12. Nf3 Bg7 {0-1 (32) Rataika,M-Zhukova,N (2333) Minsk 2019}) 7. Nxb5 c6 $1 {[%cal Rc6b5]} 8. Nc3 {The position is equal.} Qb6 9. Qd2 Bb4 $1 {Hoping for ...cxd5.} 10. d6 Be6 11. e3 Nd7 12. Nf3 $1 Rg8 13. Qc2 f5 ({Better is} 13... Nc5 $17 14. Nd2 (14. Qxh7 $2 O-O-O $17) 14... Qa6 15. Qxh7 O-O-O) 14. Nd2 $1 $11 Qc5 15. a3 Bxc3 16. Qxc3 {[%cal Rd2c4]} Nb6 17. d7+ Kxd7 18. b4 {[#]} (18. Rc1 $11) 18... Qb5 $1 $17 19. Rg1 $2 (19. Rb1 $17 {was worth a try.}) 19... a5 $19 {And now ...axb4 would win.} 20. Rb1 (20. Rc1 $142) 20... axb4 21. axb4 Ke7 22. Be2 Rgd8 {Threatens to win with ...Ra2.} 23. e4 $2 {[#]} (23. Qb2) 23... Ra2 {Black is clearly winning.} 24. Nf3 fxe4 25. Nxe5 f6 {Accuracy: White = 38%, Black = 81%.} 0-1

[Event "12th Chennai Open 2020"]
[Site "Chennai"]
[Date "2020.01.21"]
[Round "6.7"]
[White "Bogdanovich, Stanislav"]
[Black "Ameir, Moheb"]
[Result "1-0"]
[WhiteElo "2562"]
[BlackElo "2363"]
[Annotator "TA"]
[PlyCount "29"]
[EventDate "2020.01.19"]
[EventType "swiss"]
[EventCountry "IND"]
[SourceTitle "playchess.com"]
[Source "ChessBase"]
[SourceQuality "1"]

{[%evp 9,29,0,0,0,-14,-25,8,-9,31,37,59,55,56,49,236,230,250,265,302,264,421,416]} 1. d4 d5 2. Nc3 Nf6 3. Bf4 g6 4. e3 Bg7 5. Nb5 Na6 6. Nf3 {D00: 1 d4 d5: Unusual lines} O-O 7. c4 c6 8. Nc3 {The position is equal.} Ne4 $146 ({Predecessor:} 8... Nc7 9. h3 Ne6 10. Be5 a6 11. Rc1 dxc4 12. Bxc4 {1-0 (31) Matlakov,M (2695)-Kovalev,V (2539) Wroclaw 2014}) 9. Rc1 Qa5 10. cxd5 cxd5 11. Qb3 Be6 $2 ({Black should try} 11... Rd8 $14) 12. Qxb7 $18 {[%mdl 64] [#] Double Attack} Nxc3 13. bxc3 ({Worse is} 13. Qxa6 Qxa6 14. Bxa6 Nxa2 $14) ({Don't take} 13. Rxc3 $6 Nc5 $16) 13... Qa3 14. Kd1 Bc8 (14... Nc5 {was worth a try.} 15. dxc5 Qxa2) 15. Qxa8 1-0

[Event "12th Chennai Open 2020"]
[Site "Chennai"]
[Date "2020.01.21"]
[Round "6.8"]
[White "Pranesh M"]
[Black "David, Alberto"]
[Result "1/2-1/2"]
[WhiteElo "2317"]
[BlackElo "2562"]
[Annotator "TA"]
[PlyCount "75"]
[EventDate "2020.01.19"]
[EventType "swiss"]
[EventCountry "IND"]
[SourceTitle "playchess.com"]
[Source "ChessBase"]
[SourceQuality "1"]

{[%evp 9,75,31,38,22,32,28,33,25,63,17,23,9,26,28,0,0,0,-16,-8,-20,-4,-7,53,24,31,-14,0,-56,-72,-129,-116,-116,0,0,0,0,0,0,0,-1,0,-33,0,-24,-21,-56,-31,-27,2,-8,12,12,40,25,68,61,66,58,70,41,61,60,58,16,22,16,27,20]} 1. e4 e6 2. d4 d5 3. Nd2 h6 (3... c5 4. Ngf3 cxd4 5. exd5 Qxd5 6. Bc4 Qd8 7. O-O Nf6 8. Nb3 Nc6 9. Nbxd4 Nxd4 10. Nxd4 Be7 11. c3 O-O 12. Qf3 Qc7 {½-½ (12) Guseinov,G (2666)-Nepomniachtchi,I (2767) Moscow 2019}) 4. Ngf3 Nf6 5. e5 Nfd7 6. c3 {C03: French Tarrasch: Unusual Black 3rd moves} c5 7. Bd3 Nc6 8. O-O {White is slightly better.} Qb6 {[%cal Rc5d4]} 9. a4 $146 ({Predecessor:} 9. dxc5 Qc7 10. Nb3 Nxc5 11. Nxc5 Bxc5 {1-0 (55) Semenova,E (2286)-Grebnev,A (2093) Yekaterinburg 2019}) 9... g5 10. dxc5 Nxc5 11. Bb5 Bg7 12. b4 Nd7 13. Nb3 O-O 14. Bxc6 bxc6 15. Re1 Qd8 (15... Qc7 $1 $11) 16. Qe2 f6 17. Nbd4 (17. Nfd4 {with more complications.} Nxe5 18. f4 Nf7 19. Nc5 e5 20. Nde6) 17... g4 18. Nxe6 (18. Nd2 $11 Nxe5 19. N2b3) 18... gxf3 $15 19. Qxf3 (19. gxf3 $142 Qe7 20. Nxf8 Nxf8 21. f4) 19... Nxe5 $17 20. Rxe5 {[#]} fxe5 ({Black should try} 20... Qe7 $1 $17 21. Nxf8 Qxe5 22. Bxh6 (22. Bf4 $2 Qe8 $17) 22... Bxh6) 21. Nxd8 $11 Rxf3 22. gxf3 Bd7 23. Nb7 Rb8 24. Nc5 Bh3 25. Nd3 Bf5 {[%mdl 1024] Black has compensation.} 26. Ne1 Kf7 27. Kf1 Bf6 28. Ke2 e4 29. fxe4 Bxe4 30. Bd2 h5 31. Rc1 h4 32. Nf3 a5 33. bxa5 {[%cal Bb4a5,Ba5a6,Ba6a7][%mdl 32]} Rb2 {[#] Threatens to win with ...Bxf3+.} 34. a6 {a7 is the strong threat.} Ra2 35. a7 $1 {[%cal Ra7a8]} Rxa4 36. Ng5+ Bxg5 $1 37. Bxg5 {Strongly threatening Be3.} Rxa7 38. Bxh4 {Accuracy: White = 44%, Black = 44%.} 1/2-1/2

[Event "12th Chennai Open 2020"]
[Site "Chennai"]
[Date "2020.01.21"]
[Round "6.9"]
[White "Fedorov, Alexei"]
[Black "Nitin, S.."]
[Result "1/2-1/2"]
[WhiteElo "2562"]
[BlackElo "2347"]
[Annotator "TA"]
[PlyCount "90"]
[EventDate "2020.01.19"]
[EventType "swiss"]
[EventCountry "IND"]
[SourceTitle "playchess.com"]
[Source "ChessBase"]
[SourceQuality "1"]

{[%evp 17,90,0,10,0,5,0,0,0,0,0,0,0,0,0,7,0,0,4,19,26,33,27,54,59,73,69,72,56,55,58,58,66,94,87,125,127,127,129,122,58,59,73,72,-16,-15,-13,-15,-16,-14,-14,-16,-16,-13,-13,-16,-17,-11,-11,-11,-11,-11,-12,-11,-11,-11,-11,-8,-11,-8,-8,-8,-8,-8,-8,-8]} 1. e4 c5 2. d3 Nc6 3. g3 g6 4. Bg2 Bg7 5. f4 e6 6. Nf3 Nge7 7. O-O O-O 8. c3 d6 9. Be3 b5 10. d4 {B20: Sicilian: Unusual White 2nd moves} cxd4 11. Nxd4 (11. cxd4 a5 12. Nc3 Ba6 13. Qd2 b4 14. Ne2 Rc8 15. Rfd1 Qd7 16. a3 Bc4 17. axb4 axb4 {1-0 (60) Morozevich,A (2711)-Oparin,G (2569) Moscow 2015}) 11... Nxd4 12. Bxd4 e5 13. fxe5 dxe5 14. Bc5 {And now Qxd8 would win.} Qc7 $146 ({Predecessor:} 14... Qxd1 15. Rxd1 Bg4 16. Re1 Rfe8 17. a4 bxa4 18. Rxa4 {½-½ (46) Moser,E (2453)-Savina,A (2363) Vienna 2013}) 15. Qd6 Qxd6 16. Bxd6 Re8 17. a4 $36 {[%mdl 2048] White has some pressure.} Bd7 18. axb5 Bxb5 19. Re1 Rad8 20. Bc5 Nc6 21. Na3 Bd3 22. b4 {[%cal Bb2b4,Bb4b5][%mdl 32]} f5 23. b5 Na5 {Threatens to win with ...Nb3.} 24. Bxa7 Nb3 {[#]} 25. Ra2 $1 Bf8 26. exf5 e4 27. fxg6 hxg6 {[#]} 28. Nc2 (28. Bf1 $1 $16) 28... Ra8 $14 29. Nb4 Bxb5 {Strongly threatening ...Rxa7!} 30. Rxe4 (30. Bxe4 $16 {aiming for Bd5+.} Rxe4 31. Rxe4 Rxa7 {[%mdl 64] Remove Defender, Decoy} 32. Rxa7 Bc5+ 33. Kg2 Bxa7 34. c4) 30... Rxa7 $1 $11 {The position is equal.} 31. Rxe8 Bxe8 32. Bd5+ Bf7 33. Rxa7 Bc5+ {[%mdl 64] Double Attack} 34. Kg2 Bxa7 35. Kf3 Nd2+ 36. Kg4 Kg7 {White should prevent ...Bxd5.} 37. Bxf7 Kxf7 38. h4 Ne4 39. Nd5 Bb8 40. h5 gxh5+ 41. Kxh5 Ke6 42. Nf4+ Kf5 43. Ne2 Nf6+ 44. Kh4 Ke4 45. g4 Ke5 {Accuracy: White = 76%, Black = 66%.} 1/2-1/2

[Event "12th Chennai Open 2020"]
[Site "Chennai"]
[Date "2020.01.21"]
[Round "6.10"]
[White "Srihari L R"]
[Black "Stupak, Kirill"]
[Result "1/2-1/2"]
[WhiteElo "2302"]
[BlackElo "2506"]
[Annotator "TA"]
[PlyCount "59"]
[EventDate "2020.01.19"]
[EventType "swiss"]
[EventCountry "IND"]
[SourceTitle "playchess.com"]
[Source "ChessBase"]
[SourceQuality "1"]

{[%evp 12,59,10,13,18,25,19,28,51,14,24,21,21,20,25,32,16,22,22,23,19,14,18,10,29,28,25,17,17,17,16,10,11,12,11,6,21,12,25,20,41,12,12,7,9,10,8,10,10,6]} 1. Nf3 d5 2. g3 g6 3. Bg2 Bg7 4. d4 c5 5. c3 Nf6 6. O-O O-O 7. dxc5 a5 {D02: 1 d4 d5 2 Nf3 sidelines, including 2...Nf6 3 g3 and 2...Nf6 3 Bf4} (7... Na6 8. b4 Re8 9. a3 e5 10. Bg5 Nc7 11. Nbd2 Nb5 12. Qc1 h6 13. Bxf6 Bxf6 14. e4 d4 15. cxd4 exd4 {1-0 (33) Moussard,J (2605)-Christiansen,J (2559) chess.com INT 2019}) 8. c4 Na6 {[%cal Bb8a6,Ba6c5,Bc5e4,Be4d6,Bd6c4][%mdl 32]} 9. Nc3 {[%cal Rc4d5]} dxc4 {White has an edge.} 10. Qxd8 (10. c6 $5) 10... Rxd8 11. Ne5 Nxc5 12. Be3 Nfe4 13. Nxe4 Nxe4 14. Nxc4 Nd6 15. Nb6 $146 ({Predecessor:} 15. Rfd1) 15... Rb8 $1 16. Nd5 Be6 $1 17. Nxe7+ Kf8 18. Nd5 {Threatens to win with Bg5.} Nc4 $1 19. Bc5+ Kg8 20. Nf4 Rbc8 21. Nxe6 fxe6 22. Be7 Rd7 23. Bg5 {Black should prevent Rad1.} h6 24. Bc1 Kf7 25. Rb1 b6 26. Bf3 Nd2 {The position is equal.} 27. Bxd2 $1 Rxd2 28. Rfd1 Rcc2 29. Rxd2 Rxd2 30. Kf1 {Accuracy: White = 65%, Black = 68%.} 1/2-1/2